<?xml version="1.0" encoding="UTF-8"?>
<record
    xmlns:xsi="http://www.w3.org/2001/XMLSchema-instance"
    xsi:schemaLocation="http://www.loc.gov/MARC21/slim http://www.loc.gov/standards/marcxml/schema/MARC21slim.xsd"
    xmlns="http://www.loc.gov/MARC21/slim">

  <leader>00385nam a2200145Ia 4500</leader>
  <controlfield tag="008">150201s2011    xx            000 0 und d</controlfield>
  <datafield tag="082" ind1=" " ind2=" ">
    <subfield code="a">617.601</subfield>
    <subfield code="b">P2011</subfield>
  </datafield>
  <datafield tag="100" ind1=" " ind2=" ">
    <subfield code="a">SIKRI, POONAM</subfield>
  </datafield>
  <datafield tag="245" ind1=" " ind2=" ">
    <subfield code="a">PUBLIC HEALTH DENTISTRY</subfield>
  </datafield>
  <datafield tag="250" ind1=" " ind2=" ">
    <subfield code="a">1ST</subfield>
  </datafield>
  <datafield tag="260" ind1=" " ind2=" ">
    <subfield code="b">C.B.S PUBLISHERS &amp; DISTRIBUTERS</subfield>
    <subfield code="a">DELHI</subfield>
    <subfield code="c">2011</subfield>
  </datafield>
  <datafield tag="300" ind1=" " ind2=" ">
    <subfield code="a">1-538</subfield>
  </datafield>
  <datafield tag="650" ind1=" " ind2=" ">
    <subfield code="a">PREVENTIVE AND COMMUNITY DENTISTRY</subfield>
  </datafield>
  <datafield tag="942" ind1=" " ind2=" ">
    <subfield code="2">ddc</subfield>
    <subfield code="c">BK</subfield>
  </datafield>
  <datafield tag="952" ind1=" " ind2=" ">
    <subfield code="0">0</subfield>
    <subfield code="1">0</subfield>
    <subfield code="2">ddc</subfield>
    <subfield code="4">0</subfield>
    <subfield code="7">0</subfield>
    <subfield code="a">FD</subfield>
    <subfield code="b">FD</subfield>
    <subfield code="d">2010-10-28</subfield>
    <subfield code="e">C.B.S.DELHI</subfield>
    <subfield code="g">525.00</subfield>
    <subfield code="h">1</subfield>
    <subfield code="i">SGTU</subfield>
    <subfield code="l">1</subfield>
    <subfield code="o">617.601 P2011</subfield>
    <subfield code="p">FD6378</subfield>
    <subfield code="r">2019-02-14 00:00:00</subfield>
    <subfield code="s">2019-02-14</subfield>
    <subfield code="w">2013-04-13</subfield>
    <subfield code="y">BK</subfield>
    <subfield code="k">COMP</subfield>
  </datafield>
  <datafield tag="952" ind1=" " ind2=" ">
    <subfield code="0">0</subfield>
    <subfield code="1">0</subfield>
    <subfield code="2">ddc</subfield>
    <subfield code="4">0</subfield>
    <subfield code="7">0</subfield>
    <subfield code="a">FD</subfield>
    <subfield code="b">FD</subfield>
    <subfield code="d">2011-11-11</subfield>
    <subfield code="e">U.B.S.DELHI</subfield>
    <subfield code="g">425.00</subfield>
    <subfield code="h">1</subfield>
    <subfield code="i">SGTU</subfield>
    <subfield code="l">0</subfield>
    <subfield code="o">617.601 P2011S</subfield>
    <subfield code="p">FD6535</subfield>
    <subfield code="r">2015-02-09 00:00:00</subfield>
    <subfield code="w">2013-06-07</subfield>
    <subfield code="y">BK</subfield>
    <subfield code="k">514</subfield>
  </datafield>
  <datafield tag="952" ind1=" " ind2=" ">
    <subfield code="0">0</subfield>
    <subfield code="1">0</subfield>
    <subfield code="2">ddc</subfield>
    <subfield code="4">0</subfield>
    <subfield code="7">0</subfield>
    <subfield code="a">FD</subfield>
    <subfield code="b">FD</subfield>
    <subfield code="d">2011-11-11</subfield>
    <subfield code="e">U.B.S.DELHI</subfield>
    <subfield code="g">425.00</subfield>
    <subfield code="h">1</subfield>
    <subfield code="i">SGTU</subfield>
    <subfield code="l">0</subfield>
    <subfield code="o">617.601 P2011S</subfield>
    <subfield code="p">FD6536</subfield>
    <subfield code="r">2023-11-28 00:00:00</subfield>
    <subfield code="w">2013-06-07</subfield>
    <subfield code="y">BK</subfield>
    <subfield code="k">514</subfield>
  </datafield>
  <datafield tag="952" ind1=" " ind2=" ">
    <subfield code="0">0</subfield>
    <subfield code="1">0</subfield>
    <subfield code="2">ddc</subfield>
    <subfield code="4">0</subfield>
    <subfield code="7">0</subfield>
    <subfield code="a">FD</subfield>
    <subfield code="b">FD</subfield>
    <subfield code="d">2011-11-11</subfield>
    <subfield code="e">U.B.S.DELHI</subfield>
    <subfield code="g">425.00</subfield>
    <subfield code="h">1</subfield>
    <subfield code="i">SGTU</subfield>
    <subfield code="l">1</subfield>
    <subfield code="o">617.601 P2011S</subfield>
    <subfield code="p">FD6537</subfield>
    <subfield code="r">2025-09-04 00:00:00</subfield>
    <subfield code="s">2025-09-04</subfield>
    <subfield code="w">2013-06-07</subfield>
    <subfield code="y">BK</subfield>
    <subfield code="k">514</subfield>
  </datafield>
  <datafield tag="952" ind1=" " ind2=" ">
    <subfield code="0">0</subfield>
    <subfield code="1">0</subfield>
    <subfield code="2">ddc</subfield>
    <subfield code="4">0</subfield>
    <subfield code="7">0</subfield>
    <subfield code="a">FD</subfield>
    <subfield code="b">FD</subfield>
    <subfield code="d">2011-11-11</subfield>
    <subfield code="e">U.B.S.DELHI</subfield>
    <subfield code="g">425.00</subfield>
    <subfield code="h">1</subfield>
    <subfield code="i">SGTU</subfield>
    <subfield code="l">0</subfield>
    <subfield code="o">617.601 P2011S</subfield>
    <subfield code="p">FD6538</subfield>
    <subfield code="r">2015-02-09 00:00:00</subfield>
    <subfield code="w">2013-06-07</subfield>
    <subfield code="y">BK</subfield>
    <subfield code="k">514</subfield>
  </datafield>
  <datafield tag="952" ind1=" " ind2=" ">
    <subfield code="0">0</subfield>
    <subfield code="1">0</subfield>
    <subfield code="2">ddc</subfield>
    <subfield code="4">0</subfield>
    <subfield code="7">0</subfield>
    <subfield code="a">FD</subfield>
    <subfield code="b">FD</subfield>
    <subfield code="d">2011-11-11</subfield>
    <subfield code="e">U.B.S.DELHI</subfield>
    <subfield code="g">425.00</subfield>
    <subfield code="h">1</subfield>
    <subfield code="i">SGTU</subfield>
    <subfield code="l">0</subfield>
    <subfield code="o">617.601 P2011S</subfield>
    <subfield code="p">FD6539</subfield>
    <subfield code="r">2015-02-09 00:00:00</subfield>
    <subfield code="w">2013-06-07</subfield>
    <subfield code="y">BK</subfield>
    <subfield code="k">514</subfield>
  </datafield>
  <datafield tag="952" ind1=" " ind2=" ">
    <subfield code="0">0</subfield>
    <subfield code="1">0</subfield>
    <subfield code="2">ddc</subfield>
    <subfield code="4">0</subfield>
    <subfield code="7">0</subfield>
    <subfield code="a">FD</subfield>
    <subfield code="b">FD</subfield>
    <subfield code="d">2011-11-11</subfield>
    <subfield code="e">U.B.S.DELHI</subfield>
    <subfield code="g">425.00</subfield>
    <subfield code="h">1</subfield>
    <subfield code="i">SGTU</subfield>
    <subfield code="l">0</subfield>
    <subfield code="o">617.601 P2011S</subfield>
    <subfield code="p">FD6540</subfield>
    <subfield code="r">2015-02-09 00:00:00</subfield>
    <subfield code="w">2013-06-07</subfield>
    <subfield code="y">BK</subfield>
    <subfield code="k">514</subfield>
  </datafield>
  <datafield tag="999" ind1=" " ind2=" ">
    <subfield code="c">4609</subfield>
    <subfield code="d">4609</subfield>
  </datafield>
</record>
